00554nam a2200181 i 450000100060000000300090000600500170001500700030003200800410003510000540007624500540013026000440018430000220022850500530025074000240030374000240032785200210035129140ES-MaACL20251003063042.0t|030121q18001899fr ||||1| fre d1 aBarbey d'Aurevilly, Jules Amédée, d1808-188910aOeuvres / cde Jules Amadée Barbey d'Aurevilly. aParís : bAlphonse Lemerre, c[18--?] a336 p. ; c16 cm.8 aContiene: L'amour impossible. La Bagne d'Annibal2 aL'amour impossible.3 aLa Bagne d'Annibal. aES-MaACLjG-2425